000 00746nam a2200181Ia 4500
008 090124s9999 xx 000 0 und d
082 _b35896
100 _aजायस्वाल जयनारायण
245 _a" मुलांचे आरोग्य, आजार व उपचार"
250 _a1
260 _bगृहलक्ष्मी प्रकाशन
_c1984
300 _a126
600 _aजायस्वाल जयनारायण
630 _a" मुलांचे आरोग्य, आजार व उपचार"
700 _aजायस्वाल जयनारायण
730 _a" मुलांचे आरोग्य, आजार व उपचार"
942 _cBOOK
999 _c101880
_d101880